Catalog

Record Details

Catalog Search



The prince and the pauper : a tale for young people of all ages  Cover Image Book Book

The prince and the pauper : a tale for young people of all ages / by Mark Twain ; illustrated by W. Hatherall.

Record details

  • Physical Description: xvii, 296 pages : color illustrations, facsimile ; 21 cm.
  • Publisher: New York : Harper, 1909.
Subject: Edward VI, King of England, 1537-1553 > Fiction.
Impostors and imposture > Fiction.
London (England) > Fiction.
Poor children > Fiction.
Princes > Fiction.
Boys > Fiction.
Adventure stories.
Genre: Historical fiction.

Available copies

  • 1 of 1 copy available at scottsboropl.

Holds

  • 0 current holds with 1 total copy.
Show All Copies
Location Call Number / Copy Notes Barcode Shelving Location Status Due Date
scottsboropl F Twa 32269000054950 Adult - Fiction Available -

LDR 01026cam a22002771 4500
001116269
003CONS
00520140703090839.0
008761021s1909 nyuah 000 1 eng
010 . ‡a 63000003
035 . ‡a(CPomAG)LMN304912
05000. ‡aPS1316 ‡b.P954 1909
1001 . ‡aTwain, Mark, ‡d1835-1910.
24514. ‡aThe prince and the pauper : ‡ba tale for young people of all ages / ‡cby Mark Twain ; illustrated by W. Hatherall.
260 . ‡aNew York : ‡bHarper, ‡c1909.
300 . ‡axvii, 296 pages : ‡bcolor illustrations, facsimile ; ‡c21 cm.
60000. ‡aEdward ‡bVI, ‡cKing of England, ‡d1537-1553 ‡vFiction.
650 0. ‡aImpostors and imposture ‡vFiction.
651 0. ‡aLondon (England) ‡vFiction.
650 0. ‡aPoor children ‡vFiction.
650 0. ‡aPrinces ‡vFiction.
650 0. ‡aBoys ‡vFiction.
655 7. ‡aHistorical fiction. ‡2gsafd
650 0. ‡aAdventure stories.
959 . ‡i32269000054950 ‡lF Twa ‡aAdult - Fiction ‡tFiction ‡g8.00
852 . ‡p32269000054950 ‡jF Twa ‡gAdult - Fiction ‡cFiction ‡y8.00 ‡bSBPL
901 . ‡a116269 ‡bUnknown ‡c116269 ‡tbiblio

Additional Resources